Alle 99er Karten aus EAFC 24 - Statistiken

Allgemein
  • Dieses Quiz wurde 143 mal gespielt
  • Das Durchschnittsergebnis liegt bei 19 aus 28
Antwortstatistiken
Raiting Kartentyp Verein Nation Spieler/in % Korrekt
99 Copa TOTT Inter Miami Argentinien Lionel Messi
98%
99 Futties Al-Nassr Portugal Cristiano Ronaldo
92%
99 Euro MYM Bayer Leverkusen Deutschland Florian Wirtz
89%
99 Futties Al-Hilal Brasilien Neymar Junior
88%
99 Futties Manchester City Norwegen Erling Haaland
86%
99 Futties Tottenham Hotspur Südkorea Heung Min Son
85%
99 Euro MYM FC Liverpool Niederlande Virgil van Dijk
85%
99 Futties FC Liverpool Ägypten Mohamed Salah
82%
99 Futties Bayer Leverkusen Niederlande Jeremie Frimpong
81%
99 Euro PTG FC Barcelona Spanien Pedri
81%
99 Copa PTG FC Chelsea Argentinien Enzo Fernandez
78%
99 Futties Icon Icon Brasilien Pele
75%
99 Futties Icon Icon Portugal Eusebio
68%
99 Copa PTG Atletico Madrid Argentinien De Paul
64%
99 Futties Atletico Madrid Argentinien Julian Alvarez
64%
99 Futties Hero Bundesliga Hero Brasilien Lucio
64%
99 Futties Icon Icon Deutschland Philipp Lahm
64%
99 Futties FC Chelsea Australien Sam Kerr
63%
99 Futties FC Barcelona Norwegen Caroline Graham Hansen
58%
99 Futties Icon Icon Japan Homare Sawa
58%
99 Futties Manchester United Niederlande Matthijs de Ligt
54%
99 Futties FC Barcelona Spanien Alexia Putellas
52%
99 Futties Icon Icon England David Beckham
51%
99 Futties Icon Icon USA Mia Hamm
50%
99 Futties San Diego Wave USA Alex Morgan
37%
99 Futties Paris SG Frankreich Sakina Karchaoui
31%
99 Futties Westham United England Wes Foderingham
30%
99 Futties Chicago USA Mallory Swanson
25%
Keine übereinstimmenden Quizze gefunden
Verteilung der Resultate
Anzahl Personen mit jedem Resultat
Perzentil nach korrekt beantworteten Fragen
Ihre Resultats-Entwicklung
Sie haben dieses Quiz noch nicht gespielt